00573nam a2200157Ia 4500008004100000082002000041100001800061245001200079260006100091300000900152630001800161650009200179942000900271952011800280999001700398211109s9999||||xx |||||||||||||| ||und|| a894.8123bKES-S aKesava Dev, P 0aSwapnam bSahitya Pravarthaka Co-Operative SocietyaKottayamc1967 a96p. xGeneral Stack aMalayalam LiteraturevMalayalam FictionMalayalam NovelMalayalam Shot StoriesxGeneralia cBOOK 00104070aSBCLbSBCLc2d2021-11-09g100.00l0o894.8123 KES-Sp00031092r2021-11-09 00:00:00w2021-11-09yBOOK c30195d30195